| 000 | 01389nam a2200349 a 4500 | ||
|---|---|---|---|
| 001 | 000113553 | ||
| 003 | CHAP | ||
| 005 | 20220329144401.0 | ||
| 008 | 170802s2017 mx a fsm |||||||spa d | ||
| 010 | _a110014 | ||
| 011 | _a110986 | ||
| 040 | _cCHAP | ||
| 090 | _aTesis | ||
| 100 | 1 |
_aKu Mukul, Efrain _9132964 |
|
| 245 | 1 | 3 |
_aEl Business to Business (B2B) como ventaja competitiva para el desarrollo empresarial de las MIPyMES agroindustriales en México / _h[En línea] _cpor Efrain Ku Mukul. |
| 260 |
_aChapingo, Méx. : _bEl autor, _c2017. |
||
| 500 | _aPara ver el contenido del material haga clic en la liga | ||
| 502 | _aTesis (Ing. Agroindustrial) -- UACH. Departamento de Ingeniería Agroindustrial | ||
| 590 |
_aBATCH-UPD _b05 _c20170803 _lUCH01 _h0925 |
||
| 590 |
_aE11695DGD _b10 _c20170803 _lUCH01 _h1114 |
||
| 590 |
_aE8697GMM _b05 _c20170802 _lUCH01 _h1441 |
||
| 590 |
_aE8697GMM _b05 _c20170802 _lUCH01 _h1459 |
||
| 590 |
_aE8697GMM _b05 _c20170803 _lUCH01 _h0924 |
||
| 650 | 1 | 4 |
_aComercio exterior _xSimplificación administrativa _zMéxico. _9125798 |
| 650 | 1 | 4 |
_aNegocios _xAdministración. _9129872 |
| 650 | 1 | 4 |
_aPequeñas y medianas empresas _xComercio electrónico. _9132969 |
| 650 | 1 | 4 |
_aTecnología _xServicios de información. _9111956 |
| 856 |
_aFinding aid _uhttp://10.13.5.2/tesis/sist113553.pdf _zTeclea aquí |
||
| 901 | _aBK | ||
| 942 | _cTESIS | ||
| 942 | _n0 | ||
| 999 |
_c110014 _d110014 |
||